00326nam a2200133Ia 4500003000400000005001700004008004100021040001800062041000800080100004100088110001700129245002600146260002000172OSt20230530123939.0211028s2014 xx 000 0 und d cAIMIT LIBRARY aeng aD'sa, Donald; Srinivas, B L.e121910 aSrinivas B L aTown blog management. aMangalorec2014